000 01816nam a2200541 i 4500
001 36243
003 KOSZ 005
005 20240405063115.0
008 000406s1999 pl |001 0 pol
015 _aUWD 2000/7851
020 _a8371803796
035 _a991013733649705066
035 _a(PL-WaBN)b13696233-48omnis_nlop
035 _ab13696233
035 _a(OCoLC)749548258
035 _azz2005812920
035 _a(PL)b0000001369623
035 _a(EXLNZ-48OMNIS_NETWORK)9910076272305606
040 _aWA N
_cWA N
_dKOSZ 005/HR
041 1 _apol
_heng
046 _k1997
080 _a077(73)
080 _a316.77(73)
100 1 _aDyson, Esther
_d(1951- )
_eAutor
245 1 0 _aWersja 2.0 :
_bprzepis na życie w epoce cyfrowej /
_cEsther Dyson ; przeł. Grażyna Grygiel.
246 1 _iTyt. oryg.:
_aRelease 2.0 :
_ba design for living in the digital age,
_f1997
260 _aWarszawa :
_bPrószyński i S-ka,
_c1999.
300 _a296 s. ;
_c21 cm.
336 _aTekst
_btxt
_2rdacontent
337 _aBez urządzenia pośredniczącego
_bn
_2rdamedia
338 _aWolumin
_bnc
_2rdacarrier
380 _aKsiążki
388 _a1901-2000
388 _a1989-2000
504 _aBibliogr. - Indeks.
648 _a1901-2000
648 _a1989-2000
650 7 _aInternet
_2DBN
650 7 _aKomunikacja społeczna
655 7 _aPublicystyka amerykańska
_2DBN
658 _aInformatyka i technologie informacyjne
658 _aSocjologia i społeczeństwo
700 1 _aGrygiel, Grażyna
_c(tłumacz)
_eTłumaczenie
710 2 _aPrószyński i S-ka
_4pbl
856 _uhttp://koha.tu.koszalin.pl/cgi-bin/koha/opac-detail.pl?biblionumber=36243
_yKatalog online BPK
942 _2UKD
_cKS
999 _c36243
_d36243